Informe anual de la Comisión Interamericana de Derechos Humanos: 1988-1989

Uloženo v:
Podrobná bibliografie
Korporativní autor: OEA (Autor)
Médium: Kniha
Jazyk:španělština
Vydáno: Washington, D.C Secretaría General OEA 1989
Témata:
Tagy: Přidat tag
Žádné tagy, Buďte první, kdo vytvoří štítek k tomuto záznamu!

MARC

LEADER 00000nam a2200000 a 4500
001 UCO7533
003 CL-VaPUC
008 001117e19890000US |||||||||||||||||spa|d
082 0 4 |a 323.4  |b OEA  |2 21 
110 2 |a OEA  |e author  |9 452070 
245 1 0 |a Informe anual de la Comisión Interamericana de Derechos Humanos: 1988-1989 
300 |a 262 p 
942 |c BK 
945 |d 20001117 00:00:00  |a lriquelm 
260 |a Washington, D.C  |b Secretaría General OEA  |c 1989 
600 0 7 |a OEA  |2 CL-VaPUC  |9 452070 
600 0 7 |a COMISION INTERAMERICANA SOBRE DERECHOS HUMANOS  |2 CL-VaPUC  |9 259252 
650 0 |a Derechos humanos  |9 223025 
583 |a last modification  |c 20001117 00:00:00  |k Rodrigo Vera 
999 |c 292447  |d 292445 
952 |0 0  |1 0  |4 0  |6 323_400000000000000_OEA_1989  |7 0  |8 A  |9 343355  |a BIBHIS  |b BIBHIS  |d 2019-11-20  |i 1230360  |o 323.4 OEA 1989  |p 1230360  |r 2025-01-20  |w 2019-11-20  |y BK  |k HIS